000 00407cam a22001217a 4500
008 180718b1983 xxu||||| |||| 00| 0 eng d
082 _aA81x54 In2/81/17/Pt2/Spe
100 _aCensus of India 1981
245 _aPunjab: report and tables 5 percent sample data
260 _aDelhi
_bThe Controller of Publications
_c1983
300 _a153+p.
440 _aCensus of India 1981. Series-17, Punjab. Part II-Special
999 _c483214
_d483214